| 000 | 00597nam a22001457a 4500 | ||
|---|---|---|---|
| 082 | _a629.8 | ||
| 100 |
_aSabih-Ul-Hassan ,Muhammad _9126976 |
||
| 245 |
_aAdvancing Point Cloud Understanding through SelfSupervised Intra-Modal and Cross-Modal Contrastive Learning / _cMuhammad Sabih-Ul-Hassan |
||
| 264 |
_aIslamabad: _bSMME- NUST. _c2024. |
||
| 300 |
_a63p. ; _bSoft Copy, _c30cm. |
||
| 650 |
_aMS Robotics and Intelligent Machine Engineering _9119486 |
||
| 700 |
_aSupervisor: Dr. Shahbaz Khan _9125085 |
||
| 856 | _uhttp://10.250.8.41:8080/xmlui/handle/123456789/47844 | ||
| 942 |
_2ddc _cTHE |
||
| 999 |
_c612334 _d612334 |
||